| 000 | 00683nam a22002057a 4500 | ||
|---|---|---|---|
| 005 | 20251224103928.0 | ||
| 010 | _aENG-147349 | ||
| 020 |
_a9789385981371 _c500.00 |
||
| 035 | _aEN-130881 | ||
| 037 | _bDBAD | ||
| 082 |
_21 _a338.1 |
||
| 100 |
_a]Jha, Ugra Mohan _986153 |
||
| 245 |
_aCharacteristics of Agricultural Productivity/ _cUgra Mohan Jha [amd] Manoj Kumar Jha |
||
| 250 | _a1 | ||
| 260 |
_aNew Delhi _bSatyam Publishing House _c2016 |
||
| 270 |
_aN-3/25, Mohan Garden, Uttam Nagar _bNew Delhi _e110059 _k9899665801 _msatyampub_2006@yahoo.com |
||
| 300 |
_a84p. _c22cm(hb) |
||
| 700 |
_aJha, Manoj Kumar _eAuthor _986154 |
||
| 942 |
_2ddc _cEN _mJHA _h338.1 |
||
| 999 |
_c213971 _d213971 |
||